| 000 | 00000nam##2200000za#4500 |
| 001 | 9.578643 |
| 003 | CaOODSP |
| 005 | 20210624190202 |
| 007 | cr ||||||||||| |
| 008 | 150406|2006||||xxc|||||o f|0| 0 eng|d |
| 040 | |aCaOODSP|beng |
| 043 | |an-cn--- |
| 086 | 1 |aFs3-4/2006-01E-PDF |
| 110 | 1 |aCanada. |bDepartment of Fisheries and Oceans. |
| 245 | 10|aProceedings of the Transboundary Resources Assessment Committee (TRAC) benchmark review of stock assessment models for Gulf of Maine and Georges Bank herring : |h[electronic resource]|b2–5 May 2006, Woods Hole, Massachusetts / |cR. O'Boyle and W. Overholtz, TRAC co-chairs. |
| 260 | |aOttawa - Ontario : |bFisheries and Oceans Canada |cNovember 2006. |
| 300 | |a35p.|bcoloured map, graphs, tables |
| 490 | 1 |aTransboundary Resource Assessment Committee proceedings|v2006/01 |
| 546 | |a(Résumé et avant-propos en français) |
| 590 | |a14-10-Supp|b2014-05-08 |
| 830 | #0|aTransboundary Resource Assessment Committee proceedings ;|v2006/01|w(CaOODSP)9.507741 |
| 856 | 40|ahttp://publications.gc.ca|qPDF|s230 KB|uhttps://publications.gc.ca/collections/collection_2014/mpo-dfo/Fs3-4-2006-01-eng.pdf|y2006/01 |